000 00472nam a22001217a 4500
999 _c7035
_d7035
008 200415b ||||| |||| 00| 0 eng d
100 _aElizabeth Sidiropolos
245 _aSoutj African Journal of International Affairs
_cEdited by Elizabeth Sidiropolos and Diana Games
_hEnglish
260 _aSouth Africa
_bThe South African Institute of International Affairs
_c2006
300 _a198p.
_c24cm
650 _2South African Journal of International Affairs
942 _2ddc
_cBOOKS